[Event "WYCC U18 Girls 2013"]
[Site "Al-Ain UAE"]
[Date "2013.12.26"]
[Round "9.23"]
[White "Nouman, Amna"]
[Black "Vujnovic, Patricija"]
[Result "1-0"]
[WhiteTitle "WFM"]
[WhiteElo "1833"]
[BlackElo "2081"]
[WhiteFideId "9301500"]
[BlackFideId "14502313"]
[EventDate "2013.12.18"]

1. e4 Nf6 2. e5 Nd5 3. d4 d6 4. c4 Nb6 5. f4 dxe5 6. fxe5 c5 7. d5 e6 8. Nc3
exd5 9. cxd5 c4 10. Nf3 Bb4 11. Bxc4 Bxc3+ 12. bxc3 Nxc4 13. Qa4+ Nd7 14. Qxc4
Nb6 15. Qb5+ Qd7 16. Qxd7+ Bxd7 17. d6 Rc8 18. Bd2 Nc4 19. Rc1 Rc5 20. Bf4 Ra5
21. Ra1 O-O 22. O-O Re8 23. Rfe1 Ra3 24. Rec1 h6 25. h3 Kf8 26. Bg3 b6 27. Rc2
Ne3 28. Rcc1 Rc8 29. Bf2 Nd5 30. c4 Nc3 31. Nd4 Rxc4 32. Re1 Nb5 33. e6 fxe6 34.
Nxe6+ Bxe6 35. Rxe6 Rd3 36. Bg3 Rcd4 37. Rf1+ Kg8 38. Be5 Nxd6 39. Re7 Re4 40.
Rxg7+ 1-0

[Event "WYCC U18 Girls 2013"]
[Site "Al-Ain UAE"]
[Date "2013.12.26"]
[Round "9.24"]
[White "Serbanescu, Diana-Maria"]
[Black "Ruiz Olate, Emily Andrea"]
[Result "1/2-1/2"]
[WhiteElo "1989"]
[BlackElo "1851"]
[WhiteFideId "1200550"]
[BlackFideId "3413535"]
[EventDate "2013.12.18"]

1. e4 e5 2. Nf3 Nc6 3. d4 exd4 4. Nxd4 Qh4 5. Nc3 Bb4 6. Nb5 Qxe4+ 7. Be2 Kd8 8.
O-O Bxc3 9. Nxc3 Qd4 10. Qe1 Nf6 11. Be3 Qe5 12. Rd1 Re8 13. Qd2 Ne4 14. Nxe4
Qxe4 15. Bh5 g6 16. Bg5+ Ne7 17. Rfe1 Qf5 18. Bxe7+ Rxe7 19. Rxe7 Kxe7 20. Qb4+
d6 21. Re1+ Kf8 22. Qc3 Be6 23. Qh8+ Ke7 24. Qxa8 gxh5 25. Qxb7 Qxc2 26. Qxa7
Kd7 27. b3 Qd2 28. Rf1 Qg5 29. Qe3 Qa5 30. a4 h4 31. h3 Qb4 32. Rb1 Bf5 33. Rc1
Be6 34. Qc3 Qb7 35. a5 c5 36. Rb1 Qe4 37. Rd1 Bd5 38. f3 Qf5 39. a6 Ba8 40. a7
Qg5 41. Qh8 Bxf3 42. Qb2 Ba8 43. Qf2 f5 44. Qe2 Qg3 45. Re1 Bxg2 46. Qe7+ Kc8
47. Qe8+ Kc7 48. Qe7+ Kc8 49. Qf8+ Kc7 50. Re7+ Kb6 51. Rg7 Qe1+ 52. Kxg2 Qe2+
53. Kg1 Qe1+ 54. Kh2 Qe5+ 55. Kh1 Qe1+ 1/2-1/2

[Event "WYCC U18 Girls 2013"]
[Site "Al-Ain UAE"]
[Date "2013.12.26"]
[Round "9.25"]
[White "Alymbay, Kyzy Aizhan"]
[Black "Bengtsson, Jessica"]
[Result "0-1"]
[WhiteElo "1814"]
[BlackElo "1970"]
[WhiteFideId "13800043"]
[BlackFideId "1711083"]
[EventDate "2013.12.18"]

1. e4 c5 2. Nf3 Nc6 3. d4 cxd4 4. Nxd4 Nf6 5. Nc3 e5 6. Ndb5 d6 7. Bg5 a6 8. Na3
b5 9. Bxf6 gxf6 10. Nd5 Bg7 11. Bd3 Ne7 12. c4 Nxd5 13. cxd5 f5 14. exf5 e4 15.
Qe2 Qe7 16. Bxe4 O-O 17. Qg4 Kh8 18. O-O Bxb2 19. Rab1 Bxa3 20. Rb3 Bc5 21. Rh3
f6 22. Rh6 Rf7 23. Kh1 Qe5 24. Qf3 Re7 25. Rh4 Rg7 26. Bd3 Qb2 27. Rh6 Bd7 28.
g4 Bd4 29. h4 b4 30. g5 Re7 31. Rb1 Qc3 32. Rb3 Re1+ 33. Kg2 Qa1 34. Kh2 Be5+
35. Kh3 Rh1+ 36. Kg4 Qg1+ 37. Kh5 Qxg5# 0-1

[Event "WYCC U18 Girls 2013"]
[Site "Al-Ain UAE"]
[Date "2013.12.26"]
[Round "9.26"]
[White "Abdelmenaem, Sohayla"]
[Black "Nguyen, Thi Thuy Trien"]
[Result "0-1"]
[WhiteTitle "WFM"]
[BlackTitle "WFM"]
[WhiteElo "1734"]
[BlackElo "1945"]
[WhiteFideId "10610529"]
[BlackFideId "12404179"]
[EventDate "2013.12.18"]

1. d4 d5 2. c4 e6 3. Nc3 Nf6 4. Bg5 c6 5. Qc2 Nbd7 6. cxd5 exd5 7. e3 Be7 8. Bd3
O-O 9. Nge2 Re8 10. O-O Nf8 11. f3 N6d7 12. Bxe7 Qxe7 13. e4 dxe4 14. fxe4 Ng6
15. Bc4 Rf8 16. Ng3 Nb6 17. Bb3 Kh8 18. e5 c5 19. d5 c4 20. Ba4 Nxd5 21. Nxd5
Qc5+ 22. Kh1 Qxd5 23. b3 Be6 24. bxc4 Qxc4 25. Qxc4 Bxc4 26. Rfe1 b5 27. Bb3
Bxb3 28. axb3 Rfe8 29. Ra5 a6 30. Nf5 Rxe5 31. Rxe5 Nxe5 32. h3 Nc6 33. Ra3 g6
34. Nd6 Ra7 35. Ne4 Kg7 36. Nc5 a5 37. Kg1 Kf6 38. Kf2 Ke5 39. Ke3 Kd5 40. Ne4
Re7 0-1

[Event "WYCC U18 Girls 2013"]
[Site "Al-Ain UAE"]
[Date "2013.12.26"]
[Round "9.27"]
[White "Barbier, Astrid"]
[Black "Soyunlu, Narmin"]
[Result "0-1"]
[WhiteElo "1789"]
[BlackElo "1908"]
[WhiteFideId "200395"]
[BlackFideId "13400843"]
[EventDate "2013.12.18"]

1. e4 c5 2. b3 Nc6 3. Bb2 d6 4. Ne2 e5 5. Nbc3 Nge7 6. g3 Bg4 7. Nd5 Nxd5 8.
exd5 Bf3 9. Rg1 Bxd5 10. Bg2 Bxg2 11. Rxg2 Qd7 12. Nc3 d5 13. f3 O-O-O 14. Qe2
Qf5 15. Qd3 Qxd3 16. cxd3 Nd4 17. O-O-O Be7 18. Rf2 Rhe8 19. Re1 Bf6 20. Ne2 Nc6
21. a3 Rd6 22. Nc3 g5 23. f4 gxf4 24. gxf4 Bh4 25. Rfe2 Bxe1 26. Rxe1 Nd4 27.
fxe5 Rde6 28. Nxd5 Rxe5 29. Ne3 Nxb3+ 30. Kd1 Nd4 31. Rf1 Rh5 32. Ng4 Rh4 33.
Nf6 Rd8 34. Ne4 c4 35. Ng5 cxd3 36. Nxf7 Rd5 37. Bc3 Rxh2 38. Re1 h5 39. Ne5 Ne2
40. Bb2 h4 41. Ng4 Rg2 42. Ne3 Rb5 0-1

[Event "WYCC U18 Girls 2013"]
[Site "Al-Ain UAE"]
[Date "2013.12.26"]
[Round "9.28"]
[White "Kopnicka, Henrieta"]
[Black "Foster, Chantelle L"]
[Result "1-0"]
[WhiteElo "1776"]
[BlackElo "1901"]
[WhiteFideId "14923564"]
[BlackFideId "408476"]
[EventDate "2013.12.18"]

1. c4 e5 2. Nc3 Nf6 3. g3 d5 4. cxd5 Nxd5 5. Bg2 Nb6 6. Nf3 Nc6 7. O-O Be7 8. a3
Be6 9. b4 f5 10. d3 O-O 11. Rb1 Bf6 12. Bb2 Bf7 13. Nd2 Rb8 14. Nb3 Qe7 15. b5
Nd4 16. Na5 e4 17. e3 Ne6 18. dxe4 fxe4 19. Qc2 Ng5 20. Nxe4 Bxb2 21. Nxg5 Qxg5
22. Rxb2 c6 23. f4 Qe7 24. bxc6 Qxe3+ 25. Kh1 bxc6 26. Nxc6 Rbe8 27. Nxa7 Nc4
28. Rb7 Qxa3 29. Nb5 Qa5 30. Rxf7 Qxb5 31. Rxf8+ Rxf8 32. Rb1 Qc5 33. Rc1 Rc8
34. h3 Qd4 35. Qe2 Nb6 36. Rxc8+ Nxc8 37. Qe8# 1-0

[Event "WYCC U18 Girls 2013"]
[Site "Al-Ain UAE"]
[Date "2013.12.26"]
[Round "9.29"]
[White "Lepeskaite, Migle"]
[Black "Kuckling, Hannah"]
[Result "0-1"]
[WhiteElo "1810"]
[BlackElo "1993"]
[WhiteFideId "12803065"]
[BlackFideId "24603660"]
[EventDate "2013.12.18"]

1. d4 Nf6 2. Nf3 g6 3. c4 Bg7 4. Nc3 O-O 5. g3 d6 6. Bg2 Nc6 7. e4 a6 8. O-O Rb8
9. h3 e5 10. d5 Na5 11. b3 b5 12. Nd2 bxc4 13. bxc4 Bh6 14. Qa4 Nb7 15. Qxa6 Nc5
16. Qa3 Bxd2 17. Bxd2 Ba6 18. Bh6 Re8 19. Nb5 Bxb5 20. cxb5 Nfxe4 21. Qb4 f5 22.
a4 g5 23. h4 gxh4 24. g4 h3 25. Bxe4 Nxe4 26. gxf5 h2+ 27. Kh1 Qh4 28. Rab1 Kh8
29. Qe1 Rg8 30. Rb4 Qh3 0-1

[Event "WYCC U18 Girls 2013"]
[Site "Al-Ain UAE"]
[Date "2013.12.26"]
[Round "9.30"]
[White "Tarmastin, Laura"]
[Black "Ballantyne, Rochelle"]
[Result "1-0"]
[WhiteElo "1791"]
[BlackElo "1934"]
[WhiteFideId "1623001"]
[BlackFideId "2058235"]
[EventDate "2013.12.18"]

1. e4 c5 2. Nf3 e6 3. d4 cxd4 4. Nxd4 a6 5. Nc3 Qc7 6. Be3 Bb4 7. Qd2 Nf6 8. f3
d5 9. e5 Qxe5 10. Bd3 Nc6 11. Nxc6 bxc6 12. f4 Qd6 13. a3 Bc5 14. Bxc5 Qxc5 15.
b4 Qa7 16. Na4 O-O 17. Ke2 a5 18. h3 Ba6 19. Nc5 Bxd3+ 20. Qxd3 axb4 21. axb4
Qxa1 22. Rxa1 Rxa1 23. Kf2 Rfa8 24. Qd4 R8a2 25. Kg3 Re1 26. Nd3 Re4 27. Qb6 g6
28. Qxc6 Rc4 29. Qb7 Raxc2 30. Ne5 Nh5+ 31. Kh2 Rxf4 32. Nd7 Rfc4 33. Qb8+ Rc8
34. Qe5 R2c7 35. Nb6 1-0

[Event "WYCC U18 Girls 2013"]
[Site "Al-Ain UAE"]
[Date "2013.12.26"]
[Round "9.31"]
[White "Lalaoui, Feriel"]
[Black "Mendez Tovar, Jessica Yissel"]
[Result "0-1"]
[WhiteTitle "WCM"]
[BlackTitle "WFM"]
[WhiteElo "1754"]
[BlackElo "1887"]
[WhiteFideId "7900481"]
[BlackFideId "5113580"]
[EventDate "2013.12.18"]

1. e4 c5 2. Nf3 d6 3. d4 cxd4 4. Nxd4 Nf6 5. Nc3 g6 6. Be3 Bg7 7. f3 O-O 8. Qd2
Nc6 9. Bc4 Bd7 10. O-O-O Ne5 11. Bb3 Qa5 12. Kb1 Rfc8 13. h4 Nc4 14. Bxc4 Rxc4
15. h5 Rac8 16. Nb3 Qa6 17. hxg6 fxg6 18. Bd4 Be6 19. g4 b5 20. Bxf6 Bxf6 21.
Qh6 Rxc3 22. bxc3 Bxc3 23. Qxh7+ Kf8 24. Qh6+ Bg7 25. Qd2 Qa3 26. c3 Rxc3 27.
Rh7 Bxb3 28. Rxg7 Bxa2+ 29. Qxa2 Qb4+ 30. Ka1 Kxg7 31. Qb2 Qa4+ 0-1

[Event "WYCC U18 Girls 2013"]
[Site "Al-Ain UAE"]
[Date "2013.12.26"]
[Round "9.32"]
[White "Matisone, Dana"]
[Black "Machlik, Edit"]
[Result "1/2-1/2"]
[WhiteElo "1744"]
[BlackElo "1855"]
[WhiteFideId "11603526"]
[BlackFideId "1513591"]
[EventDate "2013.12.18"]

1. e4 c5 2. c3 d5 3. exd5 Qxd5 4. d4 Nf6 5. Nf3 e6 6. Be3 cxd4 7. Qxd4 Nbd7 8.
Bc4 Qc6 9. Nbd2 b5 10. Bb3 Bc5 11. Qd3 O-O 12. Rd1 Bb7 13. Bc2 Rfd8 14. Qe2 a5
15. Nb3 Bxe3 16. fxe3 e5 17. O-O a4 18. Nbd2 a3 19. bxa3 Qxc3 20. Nb1 Qc5 21.
Bb3 Bd5 22. Rc1 Qb6 23. Kh1 h6 24. Rfd1 Bb7 25. h3 Ne4 26. Kh2 Nec5 27. Bd5 e4
28. Bxb7 exf3 29. Bxf3 Rac8 30. Nc3 Ne5 1/2-1/2

[Event "WYCC U18 Girls 2013"]
[Site "Al-Ain UAE"]
[Date "2013.12.26"]
[Round "9.33"]
[White "Korbovljanovic, Natasa"]
[Black "Comas Colon, Rinelly M."]
[Result "1-0"]
[BlackTitle "WFM"]
[WhiteElo "1854"]
[BlackElo "1790"]
[WhiteFideId "900486"]
[BlackFideId "3101576"]
[EventDate "2013.12.18"]

1. e4 g6 2. d4 Bg7 3. c4 c5 4. Nf3 cxd4 5. Nxd4 Nc6 6. Be3 Nf6 7. Nc3 O-O 8. Be2
d6 9. O-O Bd7 10. Kh1 Rc8 11. Rc1 Ne5 12. b3 Neg4 13. Bg5 h6 14. Bh4 Re8 15. h3
Ne5 16. f4 Nc6 17. f5 g5 18. Bf2 a6 19. Be3 Qa5 20. Nf3 Nh5 21. Na4 Ng3+ 22. Kg1
Nxf1 23. Bxf1 Ne5 24. Nb6 Nxf3+ 25. Qxf3 Rcd8 26. h4 f6 27. Qh5 Bc6 28. hxg5
fxg5 29. c5 Rf8 30. Bc4+ d5 31. exd5 Be8 32. d6+ Bf7 33. dxe7 Bxc4 34. Nxc4 Qxa2
35. f6 Bxf6 36. exf8=Q+ Rxf8 37. Qxh6 Qe2 38. Qg6+ Kh8 39. Rf1 Bg7 40. Rxf8+
Bxf8 41. Bd4+ 1-0

[Event "WYCC U18 Girls 2013"]
[Site "Al-Ain UAE"]
[Date "2013.12.26"]
[Round "9.34"]
[White "Schucman, Rebeca Lot"]
[Black "Ruhlmann, Helene"]
[Result "0-1"]
[WhiteElo "1672"]
[BlackElo "1830"]
[WhiteFideId "2140691"]
[BlackFideId "20643209"]
[EventDate "2013.12.18"]

1. d4 d5 2. c4 e6 3. Nc3 Be7 4. Nf3 Nf6 5. Bg5 O-O 6. e3 Nbd7 7. cxd5 exd5 8.
Bd3 Re8 9. O-O c6 10. Bf4 Nf8 11. Rb1 Ng6 12. Bg5 Bd6 13. b4 a6 14. a4 h6 15.
Bxg6 fxg6 16. Bh4 Bg4 17. h3 Bf5 18. Bxf6 Qxf6 19. Rb2 g5 20. Nd2 Qg6 21. g4 Bd3
22. Re1 Rf8 23. Nf3 Rae8 24. Rd2 Bc4 25. Ne5 Bxe5 26. dxe5 Rxe5 27. Qb1 Qf6 28.
b5 axb5 29. axb5 Re6 30. Qc2 h5 31. bxc6 hxg4 32. hxg4 Qf3 33. Qd1 Qh3 34. cxb7
Rh6 35. f4 Qh1+ 0-1

[Event "WYCC U18 Girls 2013"]
[Site "Al-Ain UAE"]
[Date "2013.12.26"]
[Round "9.35"]
[White "Bauer, Valentina"]
[Black "Tuzi, Bruna"]
[Result "1-0"]
[BlackTitle "WCM"]
[WhiteElo "1787"]
[BlackElo "1754"]
[WhiteFideId "1616935"]
[BlackFideId "4701100"]
[EventDate "2013.12.18"]

1. e4 c5 2. Nf3 Nc6 3. Bb5 g6 4. Bxc6 dxc6 5. O-O Bg7 6. d3 e5 7. Nc3 Be6 8. Be3
c4 9. d4 Bg4 10. d5 cxd5 11. exd5 Ne7 12. h3 Bxf3 13. Qxf3 O-O 14. Rfd1 Nf5 15.
Bc5 Re8 16. d6 b6 17. Ba3 Nd4 18. Qe4 Bf8 19. f4 Bg7 20. Rd2 exf4 21. Qxf4 Qd7
22. Rxd4 Bxd4+ 23. Qxd4 Qf5 24. Nd5 Re2 25. Ne7+ 1-0

[Event "WYCC U18 Girls 2013"]
[Site "Al-Ain UAE"]
[Date "2013.12.26"]
[Round "9.36"]
[White "Leonardi, Caterina"]
[Black "El, Kader Maria"]
[Result "1-0"]
[WhiteElo "1939"]
[BlackElo "1619"]
[WhiteFideId "14601036"]
[BlackFideId "14137380"]
[EventDate "2013.12.18"]

1. d4 Nf6 2. c4 c5 3. d5 b5 4. cxb5 a6 5. Nc3 d6 6. e4 Nbd7 7. bxa6 Bxa6 8. Bxa6
Rxa6 9. Nf3 g6 10. O-O Bg7 11. Re1 Ng4 12. h3 Nge5 13. Nxe5 Nxe5 14. f4 Nd7 15.
Kh1 O-O 16. Be3 Qa8 17. e5 dxe5 18. fxe5 Bxe5 19. Qg4 Nf6 20. Qc4 Rb8 21. Bxc5
Rxb2 22. Rxe5 e6 23. a3 Nd7 24. Rg5 f6 25. Rg3 Rc2 26. dxe6 Nxc5 27. e7+ Ne6 28.
Qxa6 1-0

[Event "WYCC U18 Girls 2013"]
[Site "Al-Ain UAE"]
[Date "2013.12.26"]
[Round "9.37"]
[White "Orlina, Laura"]
[Black "Senarath, Kavindi"]
[Result "1-0"]
[WhiteElo "1694"]
[BlackElo "1617"]
[WhiteFideId "11601655"]
[BlackFideId "9904344"]
[EventDate "2013.12.18"]

1. e4 e6 2. d4 d5 3. Nd2 c5 4. exd5 Qxd5 5. Ngf3 cxd4 6. Bc4 Qd8 7. O-O Nc6 8.
Nb3 e5 9. Re1 Bd6 10. Nbxd4 Nxd4 11. Qxd4 f6 12. Qd5 Qe7 13. Be3 Bg4 14. Bb5+
Bd7 15. Bxd7+ Qxd7 16. Rad1 Rd8 17. Bxa7 Ne7 18. Qb3 Qc6 19. Qb6 O-O 20. Qxc6
Nxc6 21. Bb6 Rd7 22. a3 Rff7 23. b4 Bc7 24. Bxc7 Rxc7 25. c4 Rf8 26. Kf1 Ra8 27.
Re3 b6 28. Rc3 Rca7 29. Rd6 Rc7 30. c5 b5 31. Ke2 Kf7 32. Ke3 Ke7 33. Rcd3 Rd8
34. Rxd8 Nxd8 35. Nd2 Ne6 36. g3 Nd4 37. f4 Nc6 38. Ne4 Rd7 39. Rxd7+ Kxd7 40.
fxe5 Nxe5 41. Nd6 Kc6 42. h3 g6 43. Ke4 Nd7 44. Nc8 Kb7 45. Ne7 f5+ 46. Kd5 Nf6+
47. Kd6 Ne4+ 48. Kd7 Nf6+ 49. Kd8 Ne4 50. c6+ Kb6 51. c7 Nd6 52. Kd7 1-0

[Event "WYCC U18 Girls 2013"]
[Site "Al-Ain UAE"]
[Date "2013.12.26"]
[Round "9.38"]
[White "Yousfi, Yasmine"]
[Black "Amra, Tasnim"]
[Result "1/2-1/2"]
[BlackTitle "WFM"]
[WhiteElo "1649"]
[BlackElo "1570"]
[WhiteFideId "7904134"]
[BlackFideId "14300222"]
[EventDate "2013.12.18"]

1. c4 e5 2. Nc3 Nc6 3. g3 g6 4. Bg2 Bg7 5. d3 d6 6. e4 Nge7 7. Nge2 O-O 8. O-O
Be6 9. h3 Qd7 10. Kh2 f5 11. a3 Rf7 12. b4 Raf8 13. exf5 Nxf5 14. Ra2 Ncd4 15.
Nxd4 Nxd4 16. f4 b5 17. Bd5 c6 18. Bxe6 Qxe6 19. Ne2 bxc4 20. Nxd4 exd4 21. dxc4
Qxc4 22. Rc2 Qd5 23. Qd3 c5 24. bxc5 dxc5 25. Bb2 g5 26. Rfc1 gxf4 27. Rxc5
fxg3+ 28. Qxg3 Rf2+ 29. Kg1 Qf3 30. Qxf3 R2xf3 31. Rg5 Kh8 32. Rc7 Rf1+ 33. Kh2
R1f2+ 34. Kg1 Rf1+ 1/2-1/2

[Event "WYCC U18 Girls 2013"]
[Site "Al-Ain UAE"]
[Date "2013.12.26"]
[Round "9.39"]
[White "Van Niekerk, Robyn Julian"]
[Black "Al Dhaffari, Salma"]
[Result "1-0"]
[WhiteElo "1459"]
[BlackElo "1625"]
[WhiteFideId "14305020"]
[BlackFideId "9305335"]
[EventDate "2013.12.18"]

1. d4 d5 2. Nf3 Nf6 3. Bf4 Nbd7 4. e3 c5 5. c4 e6 6. Nc3 cxd4 7. exd4 dxc4 8.
Bxc4 Bb4 9. Qb3 Be7 10. O-O a6 11. Rfe1 b5 12. Bd3 Nb6 13. Rac1 Bb7 14. Nxb5 O-O
15. Bc7 Qd5 16. Bxb6 axb5 17. Bxb5 Qh5 18. Bc6 Bxc6 19. Rxc6 Rfb8 20. Qc3 Nd5
21. Qb3 Bd8 22. Re5 Qg6 23. Qxd5 Qb1+ 24. Ne1 Bxb6 25. Qc4 h6 26. Qc3 Rxa2 27.
Rb5 Ra1 28. Kf1 Ra6 29. Rc8+ Rxc8 30. Qxc8+ Kh7 31. Qxa6 Bxd4 32. Qd6 Bf6 33.
Qd3+ Qxd3+ 34. Nxd3 Bd4 35. b4 f6 36. Rb7 e5 37. Rd7 Kg6 38. b5 Bb6 39. Rd6 Bc7
40. Rc6 1-0

[Event "WYCC U18 Girls 2013"]
[Site "Al-Ain UAE"]
[Date "2013.12.26"]
[Round "9.40"]
[White "Jayamurthey, Pavitranayagi"]
[Black "Strasevici, Ana"]
[Result "1-0"]
[WhiteElo "1694"]
[BlackElo "1496"]
[WhiteFideId "5708885"]
[BlackFideId "13907042"]
[EventDate "2013.12.18"]

1. e4 e6 2. d4 d5 3. e5 c5 4. c3 Nc6 5. Nf3 Be7 6. Bd3 Nh6 7. Bxh6 gxh6 8. dxc5
Bxc5 9. Qd2 Qb6 10. a3 Na5 11. b4 Nb3 12. bxc5 Qxc5 13. Qb2 Nxa1 14. Qxa1 Bd7
15. Qb2 b6 16. Nd4 a6 17. Qd2 Qf8 18. Qe3 Rg8 19. g3 Qg7 20. f4 b5 21. Rf1 h5
22. f5 Qg5 23. Qf3 O-O-O 24. Nb3 h4 25. Qf2 hxg3 26. Qc5+ Kb8 27. Qb6+ Kc8 28.
Nc5 Qe3+ 29. Kd1 Qxc5 30. Qxc5+ Kb7 31. hxg3 Rxg3 32. Be2 Rh3 33. Qe7 1-0

[Event "WYCC U18 Girls 2013"]
[Site "Al-Ain UAE"]
[Date "2013.12.26"]
[Round "9.41"]
[White "Abeer, Ali"]
[Black "Kulatunga, Dinithi"]
[Result "1-0"]
[WhiteElo "1655"]
[BlackElo "1503"]
[WhiteFideId "9302930"]
[BlackFideId "9913440"]
[EventDate "2013.12.18"]

1. e4 c5 2. Nc3 Nc6 3. f4 g6 4. Nf3 Bg7 5. Bb5 Nd4 6. O-O e6 7. Bc4 Ne7 8. a3
O-O 9. Ba2 a6 10. d3 b5 11. Ne2 Bb7 12. Nexd4 cxd4 13. Bd2 Rc8 14. Rc1 a5 15.
Qe1 Ra8 16. Kh1 b4 17. axb4 axb4 18. Bb3 Nc6 19. Bxb4 Nxb4 20. Qxb4 Rb8 21. Qe1
Ba6 22. Qd2 Bb7 23. Ra1 Qb6 24. Qa5 Bc6 25. Qxb6 Rxb6 26. Rfb1 Rb7 27. Ba4 Rfb8
28. b3 Rb4 29. Bxc6 dxc6 30. Ra6 c5 31. Rba1 Bf8 32. Ne5 R4b6 33. Rxb6 Rxb6 34.
Ra7 f6 35. Nd7 Rd6 36. Nxf6+ Kh8 37. Rxh7# 1-0

[Event "WYCC U18 Girls 2013"]
[Site "Al-Ain UAE"]
[Date "2013.12.27"]
[Round "10.1"]
[White "Saduakassova, Dinara"]
[Black "Ziaziulkina, Nastassia"]
[Result "0-1"]
[WhiteTitle "WGM"]
[BlackTitle "WGM"]
[WhiteElo "2357"]
[BlackElo "2354"]
[WhiteFideId "13700090"]
[BlackFideId "13505211"]
[EventDate "2013.12.18"]

1. d4 d5 2. c4 c6 3. Nf3 Nf6 4. Nc3 e6 5. cxd5 exd5 6. Qc2 Be7 7. Bg5 g6 8. e4
dxe4 9. Bxf6 Bxf6 10. Qxe4+ Qe7 11. Bc4 Bf5 12. Qxe7+ Kxe7 13. O-O-O Rd8 14. h3
b5 15. Bb3 b4 16. Na4 Kf8 17. Nc5 h5 18. Rhg1 Bg7 19. Bc2 Bxc2 20. Kxc2 Rd5 21.
Kb1 a5 22. Na4 Nd7 23. Rc1 Bxd4 24. Nxd4 Rxd4 25. Rxc6 Re8 26. Rc2 Re5 27. Rgc1
Rg5 28. f3 h4 29. Re1 Kg7 30. Kc1 Rgd5 31. b3 g5 32. Kb1 Kg6 33. Nb2 Ne5 34. Nc4
Nxc4 35. Rxc4 Rd1+ 36. Rxd1 Rxd1+ 37. Kb2 Kf5 38. Kc2 Rg1 39. Rg4 Ra1 40. Kd3
Rxa2 41. Kc4 Rb2 42. Kb5 Rxb3 43. Kxa5 Kg6 44. Ka4 Rb2 45. f4 f6 46. Kb5 Kf5 47.
fxg5 fxg5 48. Ka4 Kg6 49. Ka5 Kf6 50. Kb5 Kf5 51. Ka4 Re2 52. g3 Re4 53. gxh4
gxh4 54. Rg8 Kf4 55. Kb3 Kf3 56. Rd8 Kg2 57. Rd3 Rf4 58. Ka4 b3+ 0-1

[Event "WYCC U18 Girls 2013"]
[Site "Al-Ain UAE"]
[Date "2013.12.27"]
[Round "10.2"]
[White "Tomnikova, Lidia"]
[Black "Rodriguez Rueda, Paula Andrea"]
[Result "1-0"]
[WhiteTitle "WFM"]
[BlackTitle "WIM"]
[WhiteElo "2167"]
[BlackElo "2257"]
[WhiteFideId "4113110"]
[BlackFideId "4404564"]
[EventDate "2013.12.18"]

1. e4 c5 2. Nf3 d6 3. d4 cxd4 4. Nxd4 Nf6 5. Nc3 a6 6. Be2 e5 7. Nb3 Be7 8. O-O
O-O 9. Be3 Qc7 10. Qd2 b5 11. a4 b4 12. Nd5 Nxd5 13. exd5 a5 14. Rfc1 f5 15. f4
Ba6 16. c4 bxc3 17. Rxc3 Qd8 18. Rac1 Bxe2 19. Qxe2 Na6 20. Qb5 Nb4 21. Rc7 Qe8
22. Qc4 Bf6 23. Nxa5 Qxa4 24. Nb7 exf4 25. Bd4 Na2 26. Bxf6 Rxf6 27. Qxa4 Rxa4
28. Re1 Re4 29. Ra1 Nb4 30. Nxd6 Re5 31. Nc4 Rxd5 32. Ra8+ Rf8 33. Raa7 Rfd8 34.
Rxg7+ Kf8 35. h3 Nc6 36. Raf7+ Ke8 37. Rxh7 Nd4 38. Ra7 R8d7 39. Ra8+ Rd8 40.
Rh8+ Ke7 41. Raxd8 Rxd8 42. Rxd8 Kxd8 43. Kf2 Ke7 44. Ne5 Kf6 45. Nd3 Kg5 46. b4
Nb5 47. Ne5 Kf6 48. Nc6 Ke6 49. Kf3 Kd6 50. Na5 Ke5 51. Nc4+ Kd4 52. Nb6 Ke5 53.
Nd7+ Kd6 54. Nc5 Nc3 55. Kxf4 Nd5+ 56. Kxf5 Ne3+ 57. Kg5 Nxg2 58. h4 Ne3 59. h5
Ke7 60. h6 Kf7 61. b5 Nc4 62. Nd7 Nd6 63. Ne5+ Kg8 64. Kg6 1-0

[Event "WYCC U18 Girls 2013"]
[Site "Al-Ain UAE"]
[Date "2013.12.27"]
[Round "10.3"]
[White "Xiao, Yiyi"]
[Black "Bivol, Alina"]
[Result "1/2-1/2"]
[WhiteTitle "WFM"]
[BlackTitle "WIM"]
[WhiteElo "2163"]
[BlackElo "2236"]
[WhiteFideId "8606161"]
[BlackFideId "4100123"]
[EventDate "2013.12.18"]

1. e4 e6 2. d4 d5 3. Nc3 Bb4 4. e5 c5 5. a3 Bxc3+ 6. bxc3 Ne7 7. Nf3 Nbc6 8. a4
Qc7 9. Be2 b6 10. O-O Bd7 11. Re1 h6 12. Bd3 Rc8 13. Bf4 cxd4 14. Nxd4 Nxd4 15.
cxd4 Qc3 16. Qg4 g6 17. Red1 Qxd4 18. Ba6 Qb4 19. Bxc8 Bxc8 20. Qf3 Nf5 21. Bd2
Qc4 22. Qb3 Qc7 23. Bb4 Qxe5 24. Re1 Qc7 25. Qxd5 Ne7 26. Qd4 O-O 27. Rad1 Nc6
28. Qc3 Re8 29. Bd6 Qb7 30. Qf6 b5 31. Rb1 b4 32. Rb3 e5 33. Bxe5 Nxe5 34. Rxe5
Be6 35. Rd3 Qc6 36. h4 h5 37. Kh2 Rc8 38. Rde3 Bd7 39. Qf4 Qxc2 40. Re7 Qf5 41.
Qxf5 Bxf5 42. Rxa7 Bc2 43. a5 b3 44. Rb7 Rc4 45. a6 Rxh4+ 46. Kg3 Rg4+ 47. Kh2
Rh4+ 48. Kg1 Ra4 49. a7 Rxa7 50. Rxa7 b2 51. Rb7 b1=Q+ 52. Rxb1 Bxb1 53. Kh2 Kg7
54. Kg3 Ba2 55. Kf4 Kf6 56. Ra3 Bd5 57. Ra6+ Kg7 58. g3 Bc4 59. Rc6 Bd5 60. Rd6
Bb3 61. Ke5 Bc4 62. Rc6 Bb3 63. f4 Be6 64. Rxe6 fxe6 65. Kxe6 g5 66. Kf5 1/2-1/2

[Event "WYCC U18 Girls 2013"]
[Site "Al-Ain UAE"]
[Date "2013.12.27"]
[Round "10.4"]
[White "Bezkorovaina, Mariia"]
[Black "Atabayeva, Gozel"]
[Result "1-0"]
[BlackTitle "WFM"]
[WhiteElo "2081"]
[BlackElo "2069"]
[WhiteFideId "14116324"]
[BlackFideId "14001896"]
[EventDate "2013.12.18"]

1. d4 Nf6 2. c4 c5 3. d5 e5 4. Nc3 d6 5. e4 Be7 6. Bd3 O-O 7. Nge2 Nbd7 8. Ng3
Ne8 9. b3 g6 10. Bb2 Ng7 11. Qc2 Bg5 12. Nge2 a6 13. g3 f5 14. O-O f4 15. f3
fxg3 16. hxg3 Be3+ 17. Kg2 Nh5 18. Nd1 Bg5 19. Nf2 Ndf6 20. Rh1 Qe7 21. Raf1 Bd7
22. Bc1 Bxc1 23. Qxc1 b5 24. Qh6 Qg7 25. Qxg7+ Nxg7 26. Nd1 b4 27. Ne3 Rae8 28.
a4 a5 29. Rf2 Rf7 30. Kf1 Ngh5 31. Ke1 Ref8 32. Rhf1 Bh3 33. Rh1 Bc8 34. Rhf1
Bh3 35. Rh1 Bc8 36. Rhf1 Re8 37. Kd2 Ref8 38. Bc2 Bd7 39. Bd3 Bc8 40. Bc2 Ng7
41. Bd3 Ng4 42. Nxg4 Bxg4 43. Ke3 Bh3 44. Rh1 Bc8 45. f4 Bg4 46. Rh4 h5 47. Rhh2
Re8 48. Kd2 Bxe2 49. Kxe2 Nf5 50. exf5 exf4+ 51. Kd2 fxg3 52. Re2 gxh2 53. Rxe8+
Kg7 54. Re1 g5 55. Rh1 g4 56. Rxh2 Kh6 57. Re2 Kg5 58. Re6 h4 59. Ke3 h3 60.
Rg6+ Kh5 61. Kf4 h2 62. Be4 Re7 63. Re6 Rf7 64. Rxd6 1-0